000 00553cam a2200229 4500
008 090401t1992 xxu||||| |||| 00| 0 eng d
020 _a0852362420
035 _a(Sirsi) u36734
041 _aeng
050 _a631.27
100 _aMaclean, Murray
245 _aNew hedges for the countryside.
260 _aIpswich
_bFarming Press Books
_c1992
300 _axii,276p. : ill. ; 23cm.
350 _a0
650 _aCOUNTRYSIDE
650 _aFARMING
650 _aHEDGEROWS
690 _aRURAL PRACTICE
942 _n0
948 _c04/03/1997
999 _c90373
_d90373